00317nam a2200121Ia 4500008004100000041000800041082001500049100001900064245003800083260003900121300002400160365001100184240624s9999 xx 000 0 und d aeng a891.46 DES aDESHMUKH ASHOK aPUNE TE PANTPRADHANACHEY KARYALYA c2006aPunebMehta Publishing House a495 : p. : cm. ; 21 cRSb20